Регионална библиотека "Любен Каравелов" - Русе

Рисунок акварель (Запис номер 211075)

MARC детайли
000 -Лидер
Контролно поле с фиксирана дължина 01172nkm a2200313 c 4500
003 - Код на организацията, давaща контролен номер
Контролно поле BLK
005 - Дата и час на последна редакция
Контролно поле 20210216162338.0
008 - Елементи от данни с фиксирана дължина
fixed length control field 180412b bul rap|r|||| r0| ||bulo|
010 ## - Наследен системен номер
LC control number KNG00175884000
040 ## - Източник на каталожния запис
Идентификатор на билиотеката - собственик на записа BLK
041 ## - Код за език
Код за езика на текст/звукозапис или на отделно заглавие Руски
Код за езика КДБФ Руски
080 ## - УДК
Текстов определител УДК Водни бои. Акварелни бои
УДК код - определител по УДК 75.023.22
УДК определител (47+57)
УДК - код + определител 75.023.22(47+57)
100 1# - Редна дума - Автор
Автор Матафонов, Вадим Степанович
Авторска отговорност първи автор
R(LIN) 94049
139 ## - Редно поле
Редна дума Матафонов, Вадим Степанович
Авторски знак Мат - М 38
245 10 - Сведения за заглавието
Заглавие Рисунок акварель
Подзаглавни данни Вторая всероссийская выставка
Редно поле (дума) Вадим Степанович Матафонов.
257 ## - Страна на издаване
Страна на създаване/издаване СССР
260 ## - Област на издателските данни
Име на издателя, разпространителя и проч. Художник РСФСР
Година на издаване 1981
Място на издаване, разпространение и проч. Ленинград
300 ## - Физическа характеристика
Страници 156 с.
Илюстрации и др. с ил.
Размери/Мащаб 31 см
380 ## - Жанр
Жанр Изкуство
500 ## - Общи забележки
Забележка Списък на ил. - 5 000 тир.
650 #4 - Допълнително описание по предмет – тема
Основно описание – тема или топоним Акварел - албуми
9 (RLIN) 281232
651 #4 - Допълнително описание по предмет - топоним
Географско понятие СССР
9 (RLIN) 179592
653 ## - Ключова дума – ненормативна
Ключова дума акварели
852 ## - Местоположение
Форматна сигнатура Цб ІІ 28773
Фондова буква Основен фонд - ползва се само за читалня
856 4# - Електронен адрес и достъп
Електронен формат pdf - файл
Път до файла /url/
856 4# - Електронен адрес и достъп
Електронен формат pdf - файл
Път до файла /url/
999 ## - СИСТЕМНИ КОНТРОЛНИ НОМЕРА
Koha biblionumber 211075
Koha biblioitemnumber 211075
942 ## - АРТИКУЛИ
Вид на библиотечния материал Графични издания
Скрит в OPAC Не
Периодичен библиозапис Да
944 ## - СЪЗДАВАНЕ И РЕДАКЦИЯ на ЗАПИСА
Създаване/Редакция Създаване
Дата на регистрацията/редакция 27.05.2015
Служител, извършил регистрацията/редакцията Камелия_Данева
944 ## - СЪЗДАВАНЕ И РЕДАКЦИЯ на ЗАПИСА
Създаване/Редакция Редакция
Дата на регистрацията/редакция 09.06.2015
Служител, извършил регистрацията/редакцията Камелия_Данева
999 ## - СИСТЕМНИ КОНТРОЛНИ НОМЕРА
Koha biblioitemnumber 211075
Наличности
Код за отписване Код за изгубен артикул Източник на класификационната схема Код за повреда Коз за рестрикции Код за отдаване Артикулен № Име на библиотеката - собственик Име на библиотеката, в която се намира в момента Статус (Текущо местоположение) Дата на вписване в системата Местоположение - отдел Цена в лева Инвентарен номер Систематично азбучна сигнатура Баркод Номер на екземпляра Цена в евро Служебна бележка Служебен тип на артикула
  Не е изгубен Universal Decimal Classification Не е повреден без рестрикции заемане за дома 362926 Регионална библиотека "Любен Каравелов" Русе Регионална библиотека "Любен Каравелов" Русе Отдел Изкуство - подръчен фонд 1981-01-01 Отдел Изкуство - подръчен фонд 4.00 539774 75/М 38 120000539774 1 2.05 Дост: Pk Вид: Ф N: стар фонд Дата: 01.01.1981 Графични издания
  Не е изгубен Universal Decimal Classification Не е повреден само за читалня ползва се в читалня 362927 Регионална библиотека "Любен Каравелов" Русе Регионална библиотека "Любен Каравелов" Русе Хранилище 1981-01-01 Основен фонд - ползва се само за читалня 3.20 343601 Цб ІІ 28773 120000343601 2 1.64 Дост: Pk Вид: Ф N: стар фонд Дата: 01.01.1981 Графични издания
Vip Innovations Ltd, Rousse, Bulgaria 2025